Escudos Segunda Federación 24/25 - Estadísticas

Estadísticas generales
  • Esta prueba ha sido intentada 64 veces
  • La puntuación promedio es 61 de 90
Estadísticas de respuestas
Imagen Respuesta % Correcto
Coruxo
98%
Laredo
98%
Bergantiños
96%
Numancia
95%
Gimnastica Torrelavega
93%
Guijuelo
93%
Pontevedra
93%
Real Avila
91%
Llanera
89%
Escobedo
86%
Alfaro
84%
Compostela
84%
SD Logroñes
82%
Andratx
80%
Atletico Baleares
80%
Gernika
80%
Izarra
80%
Lleida
80%
Sabadell
80%
Salamanca
80%
Subiza
80%
Cornella
79%
Olot
79%
Sant Andreu
79%
UD Logroñes
79%
Badalona Futur
77%
Ejea
77%
Europa
77%
Utebo
77%
Alzira
75%
Eibar B
75%
Aguilas
73%
Almeria B
73%
Mallorca B
73%
Valladolid Promesas
73%
Alaves B
71%
Don Benito
71%
Estepona
71%
Mostoles
71%
Real Madrid C
71%
Torrent
71%
Barbastro
70%
Cacereño
70%
Espanyol B
70%
Getafe B
70%
Juventud Torremolinos
70%
Navalcarnero
70%
Rayo Majadahonda
70%
Recreativo Granada
70%
Talavera
70%
Tenerife B
70%
Union Sur Yaiza
70%
Xerez
70%
Coria
68%
Melilla
68%
Orihuela
68%
Atletico Paso
66%
Sanse
66%
Xerez Deportivo
66%
Deportivo Fabril
64%
RB Linense
64%
Teruel
64%
Deportiva Minera
63%
Ibiza Islas Pitiusas
63%
Real Sociedad C
63%
Valencia Mestalla
63%
Arenas de Getxo
61%
UCAM Murcia
61%
San Fernando
59%
Tudelano
57%
Deportivo Aragon
52%
Terrassa
52%
Guadalajara
50%
Marino de Luanco
50%
Rayo Cantabria
50%
Real Aviles Industrial
50%
Langreo
48%
Linares Deportivo
48%
Union Adarve
48%
Cadiz Mirandilla
43%
Calahorra
43%
Ilicitano
43%
Anguiano
41%
Villanovense
38%
Conquense
36%
Colonia Moscardo
32%
Atletico Antoniano
30%
Illescas
27%
La Union Atl
25%
Penya Deportiva
25%
No se encontraron pruebas coincidentes
Distribución de puntuación
Porcentaje de gente con cada puntuación
Porcentaje por número respondido
Historial de tus puntuaciones
No has intentado esta prueba.